The gospel and the church in a pagan world: (Record no. 5769)

000 -LEADER
fixed length control field 00642nam a2200181 a 4500
001 - CONTROL NUMBER
control field :::00003511$&:&@@
003 - CONTROL NUMBER IDENTIFIER
control field OkBaRHE
005 - DATE AND TIME OF LATEST TRANSACTION
control field 20000607103306.0
008 - FIXED-LENGTH DATA ELEMENTS--GENERAL INFORMATION
fixed length control field s1958 j 000 0 eng u
040 ## - CATALOGING SOURCE
Transcribing agency
100 1# - MAIN ENTRY--PERSONAL NAME
Personal name Robinson, W. Gordon.
245 14 - TITLE STATEMENT
Title The gospel and the church in a pagan world:
Remainder of title a study in 1 Corinthians.
260 ## - PUBLICATION, DISTRIBUTION, ETC. (IMPRINT)
Place of publication, distribution, etc London, UK:EN., :
Name of publisher, distributor, etc Independent Press Ltd.
Date of publication, distribution, etc c1958
300 ## - PHYSICAL DESCRIPTION
Extent 214 p. ;
Dimensions 19 cm.
650 ## - SUBJECT ADDED ENTRY--TOPICAL TERM
Topical term or geographic name as entry element Bible New Testament 1 Corinthians
General subdivision Criticism, Interpretation, etc.
942 ## - ADDED ENTRY ELEMENTS (KOHA)
Source of classification or shelving scheme
Koha item type Books
Copies
Koha item type Lost status Barcode Shelving location Permanent Location Full call number Not for loan Price effective from Copy number Date acquired Source of classification or shelving scheme Date last seen Withdrawn status Damaged status
Books 3511General StacksRHEMA Bible Training CollegeBS 2675.3 .R566 2010-04-1412010-04-14 2018-04-03